000 00554nam a2200157 a 4500
001 000046498
005 20201002052920.0
008 150820s200u dr a 000 p spa d
040 _aDO-SdBNP
_bspa
_cBNPHU
082 _axxx
_bxxxx
100 1 _aNeruda, Pablo
_d1904-1973
_99164
245 1 0 _aVersainograma a Santo Domingo :
_bdesde isla negra (Chile) en febrero de 1966 /
_cPablo Neruda.
260 _aSanto Domingo :
_bUniversitaria
_bUniversidad Autónoma de Santo Domingo,
_c[200u].
300 _a48 p. :
_bil. ;
_c10 cm.
590 _aInventariado, 2018/ YL
999 _c45987
_d45987